Tratado de derecho ambiental (Tomo II)/ (Registro nro. 7985)
[ vista simple ]
| 000 -LEADER | |
|---|---|
| fixed length control field | 02468nam a2200205Ia 4500 |
| 005 - FECHA Y HORA DE LA ÚLTIMA TRANSACCIÓN | |
| control field | 20241024112411.0 |
| 008 - FIXED-LENGTH DATA ELEMENTS--GENERAL INFORMATION | |
| fixed length control field | 230427s9999 xx 000 0 und d |
| 020 ## - INTERNATIONAL STANDARD BOOK NUMBER | |
| International Standard Book Number | 9508944498 |
| 040 ## - CATALOGING SOURCE | |
| Original cataloging agency | UPAN |
| Transcribing agency | Biblioteca San Vicente |
| Description conventions | RCAA2 |
| 041 ## - LANGUAGE CODE | |
| Language code of text/sound track or separate title | spa |
| 082 ## - DEWEY DECIMAL CLASSIFICATION NUMBER | |
| Classification number | 341.762 |
| Item number | B455t |
| año de publicación | 2004 |
| 100 ## - MAIN ENTRY--PERSONAL NAME | |
| Personal name | Bellorio Clabot, Dino |
| Relator code | aut. |
| 245 #0 - TITLE STATEMENT | |
| Title | Tratado de derecho ambiental (Tomo II)/ |
| Remainder of title | Dino Bellorio Clabot |
| 250 ## - EDITION STATEMENT | |
| Edition statement | 1° ed. |
| 260 ## - PUBLICATION, DISTRIBUTION, ETC. (IMPRINT) | |
| Place of publication, distribution, etc | Argentina: |
| Name of publisher, distributor, etc | Ad-Hoc, |
| Date of publication, distribution, etc | 2004 |
| 300 ## - PHYSICAL DESCRIPTION | |
| Extent | 936 p.: |
| Dimensions | 23 cm. |
| 505 ## - FORMATTED CONTENTS NOTE | |
| Formatted contents note | Primera parte. POLÌTICA Y DERECHO AMBIENTAL<br/>I. Ambiente, polìtica y derecho<br/>II. Suelo´<br/>III. La variable ambiental en la contrataciòn agragria. Nuevas modalidades de contrataciòn <br/>IV. Alimentos y transgènicos<br/>V. Biotecnologìa<br/>VI. Derecho alimentario<br/>VII. Agua<br/>VIII. La atmòsfera y el cambio climàtico<br/>IX. Recursos forestales<br/>X. Fauna silvestre<br/>XI. Pesca<br/>XII. Aire<br/>XIII. Energìas sostenibles<br/>XIV. Energìa nuclear<br/>XV. Petròleo y gas<br/>XVI. Polìticas, normativas y actividad minera <br/>XVII. Poblaciòn <br/>XVIII. Desarrollo sustentable y medio ambiente <br/>XIX. Ley genetral del ambiente<br/>XX. La evaluaciòn de impacto ambiental<br/>XXI. Daño ambiental y responsabilidad<br/>XXII. Seguro ambiental. La responsabilidad ambiental y la cobertura de responsabilidad por daños<br/>XXIII. Residuos: normativa y gestiòn sustentable<br/>XXIV. Residuos peligrosos: impacto y disposiciòn fonal de las pilas. El impacto de las pilas en el ambiente <br/>XXV. Gestiòn y eliminaciòn de los PCBs<br/>XXVI. Impacto ambiental de los hipermercados<br/>XXVII. Municipio y medio ambiente<br/>XXVIII. El delito ambiental<br/>XXIX. El ambiente en la integraciòn Mercosur<br/>XXX. Cumplimiento de la legislaciòn ambiental´<br/>XXXI. Normas ISO. ISO 14.000. Sistema de Gestiòn Ambiental <br/>XXXII. Ambiente y empresa<br/>XXXIII. Convencionalismo ambiental. Su proyecciòn a la educaciòn ambiental <br/>XXXIV. La educaciòn ambiental<br/>XXXV. Educaciòn ambiental en la Uniòn Europea<br/>XXXVI. Educaciòn ambiental y estrategias para el cambio<br/>XXXVII. La educaciòn ambiental en la Argentina <br/>XXXVIII. Informaciòn ambiental<br/>XXXIX. Formaciòn en derecho ambiental<br/>XL. Diversidad biològica<br/>XLI. El compromiso ambiental de la comunidad mundial. El plan de acciòn, balance y crìtica. La proyecciòn de la Agenda en el siglo XXI<br/>XLII. De Rìo a Jphannesburgo. La cumbre mundial sobre desarrollo sustentable<br/>XLIII. Agenda Ambiental Nacional |
| 650 ## - SUBJECT ADDED ENTRY--TOPICAL TERM | |
| Source of heading or term | LEMB |
| Topical term or geographic name as entry element | Derecho |
| 942 ## - ADDED ENTRY ELEMENTS (KOHA) | |
| Koha item type | Libros |
| Source of classification or shelving scheme | Dewey Decimal Classification |
| Withdrawn status | Lost status | Source of classification or shelving scheme | Damaged status | Not for loan | Collection code | Home library | Current library | Date acquired | Total Checkouts | Full call number | Barcode | Date last seen | Price effective from | Koha item type |
|---|---|---|---|---|---|---|---|---|---|---|---|---|---|---|
| Dewey Decimal Classification | Colección General | Biblioteca UPAN San Vicente | Biblioteca UPAN San Vicente | 27/04/2023 | 341.762 B455t | 12003029 | 27/04/2023 | 27/04/2023 | Libros | |||||
| Dewey Decimal Classification | Colección General | Biblioteca UPAN San Vicente | Biblioteca UPAN San Vicente | 27/04/2023 | 341.762 B455t | 12003028 | 29/04/2023 | 27/04/2023 | Libros | |||||
| Dewey Decimal Classification | Colección General | Biblioteca UPAN San Vicente | Biblioteca UPAN San Vicente | 27/04/2023 | 341.762 B455t | 12002449 | 29/04/2023 | 27/04/2023 | Libros |